Normal view
MARC view
- Electric transmission lines;distributed constants, theory, and applications
Entry Topical Term
001 - CONTROL NUMBER
- control field: 102372
003 - CONTROL NUMBER IDENTIFIER
- control field: NUST
005 - DATE AND TIME OF LATEST TRANSACTION
- control field: 20221104113621.0
008 - FIXED-LENGTH DATA ELEMENTS
- fixed length control field: 221104|| aca||aabn | a|a d
040 ## - CATALOGING SOURCE
- Original cataloging agency: NUST
- Transcribing agency: NUST
150 ## - HEADING--TOPICAL TERM
- Topical term or geographic name entry element: Electric transmission lines;distributed constants, theory, and applications
670 ## - SOURCE DATA FOUND
- Source citation: Work cat.: (NUST)180907: Skilling Hugh Hildreth 41307, Electric transmission lines;, 1951
